Macrofinancial linkages trends, crises, and policies /

Bibliographic Details
Corporate Authors: International Monetary Fund., ProQuest (Firm)
Other Authors: Crowe, Christopher
Format: Electronic eBook
Language:English
Published: [Washington, D.C.] : International Monetary Fund, c2010.
Subjects:
Online Access:Click to View
LEADER 03137nam a2200409 a 4500
001 EBC1606021
003 MiAaPQ
005 20200520144314.0
006 m o d |
007 cr cn|||||||||
008 101014s2010 dcua sb 001 0 eng d
010 |z  2010283313 
020 |z 9781589069398 
020 |z 1589069390 
035 |a (MiAaPQ)EBC1606021 
035 |a (Au-PeEL)EBL1606021 
035 |a (CaPaEBR)ebr10417057 
035 |a (CaONFJC)MIL284844 
035 |a (OCoLC)870244775 
040 |a MiAaPQ  |c MiAaPQ  |d MiAaPQ 
050 4 |a HB3722  |b .M33 2010 
245 0 0 |a Macrofinancial linkages  |h [electronic resource] :  |b trends, crises, and policies /  |c editors, Christopher Crowe ... [et al.]. 
260 |a [Washington, D.C.] :  |b International Monetary Fund,  |c c2010. 
300 |a xviii, 585 p. :  |b ill. 
504 |a Includes bibliographical references and index. 
505 0 |a Financial boom-bust cycles -- Lending booms and lending standards / Giovanni Dell'Ariccia, Robert Marquez -- Are weak banks leading credit boom? : Evidence from emerging Europe / Deniz Igan, Natalia Tamirisa -- Growth dynamics : the myth of economic review / Valerie Cerra, Sweta Chaman Saxena -- From subprime loans to subprime growth? : Evidence for the euro area / Martin Cihak, Petya Koeva Brooks -- The real effect of banking crises / Giovanni Dell'Ariccia, Enrica Detragiache, Raghuram Rajan -- Systemic crises and growth / Romain Ranciere, Aaron Tornell, Frank Westermann -- Financial integration. financial liberalization, and economic performance -- The external wealth of nations Mark II : revised and extended estimates of foreign assets and liabilities, 1970-2004 / Philip R. Lane, Gian Maria Milesi-Ferretti -- Reaping the benefits of financial globalization / Giovanni Dell'Ariccia ... [et al.] -- Financial globalization : a reappraisal / M. Ayhan Kose ... [et al.] -- International financial integration and economic growth / Hali Edison ... [et al.] -- 
505 0 |a The quality effect : does financial liberalization improve the allocation of capital? / Abdul Abiad, Nienke Oomes, Kenichi Ueda -- Policy issues -- Monetary policy and asset prices : does "benign neglect" make sense? / Michael D. Bordo, Olivier Jeanne -- Corporate governance quality : trends and real effects / Gianni de Nicolo, Luc Laeven, Kenichi Ueda -- Country insurance : the role of domestic policies / Torbjorn Becker ... [et al.] -- International reserves in emerging market countries : too much of a good thing? / Olivier Jeanne -- Policy responses to systemic banking crises / Luc Laeven, Fabian Valencia. 
533 |a Electronic reproduction. Ann Arbor, MI : ProQuest, 2015. Available via World Wide Web. Access may be limited to ProQuest affiliated libraries. 
650 0 |a Financial crises. 
650 0 |a Credit. 
650 0 |a International finance. 
650 0 |a Monetary policy. 
655 4 |a Electronic books. 
700 1 |a Crowe, Christopher  |q (Christopher W.) 
710 2 |a International Monetary Fund. 
710 2 |a ProQuest (Firm) 
856 4 0 |u https://ebookcentral.proquest.com/lib/matrademy/detail.action?docID=1606021  |z Click to View